LEADER 01320nam 2200385 n 450 001 996387038903316 005 20221108032453.0 035 $a(CKB)1000000000613642 035 $a(EEBO)2240862156 035 $a(UnM)99848791 035 $a(EXLCZ)991000000000613642 100 $a19920117d1596 uy | 101 0 $aeng 135 $aurbn||||a|bb| 200 15$a[The English schoole-maister$b[electronic resource] $eteaching all his scholers, the order of distinct reading, and true writing our English tongue] 210 $a[At London $cPrinted by the widow Orwin, for Ralph Iackson, and Robert Dextar$d1596] 215 $a94+, [2] p 300 $aTitle from STC; imprint from colophon. 300 $aSignatures: B-N⁴. 300 $aImperfect; lacking all before quire B. 300 $aReproduction of the original in the British Library. 330 $aeebo-0018 606 $aReaders (Primary)$vEarly works to 1800 606 $aEnglish language$yEarly modern, 1500-1700 615 0$aReaders (Primary) 615 0$aEnglish language 700 $aCoote$b Edmund$ffl. 1597.$01012997 801 0$bCu-RivES 801 1$bCu-RivES 801 2$bCStRLIN 801 2$bWaOLN 906 $aBOOK 912 $a996387038903316 996 $aThe English schoole-maister$92425320 997 $aUNISA